000 00469nam a22001817a 4500
005 20180712112001.0
008 160525b xxu||||| |||| 00| 0 eng d
020 _a81-203-2504-4
041 _aeng
082 _b5006
_a658.1511
100 _aCHARLES T. HORNGRAN AND OTHERS
_94527
245 _aIntroduction to Management Accounting
250 _a12TH ED.
260 _aNew Delhi
_bAcademic Faundation
300 _a789P,
650 _aManagement
_9241
942 _cBK
999 _c1752
_d1751